Naturaleza de los actos emanados de las personas públicas no estatales (Registro nro. 16747)

Detalles MARC
000 -LEADER
fixed length control field 00357 a2200109 4500
001 - CONTROL NUMBER
control field ART_16889
005 - DATE AND TIME OF LATEST TRANSACTION
control field 20260410161718.0
008 - FIXED-LENGTH DATA ELEMENTS--GENERAL INFORMATION
fixed length control field 260409a
100 1# - MAIN ENTRY--PERSONAL NAME
Personal name Halperin, David A.
245 10 - TITLE STATEMENT
Title Naturaleza de los actos emanados de las personas públicas no estatales
773 0# - HOST ITEM ENTRY
Title Derecho administrativo
Related parts - Nº 87 (mayo/jun. 2013)
Record control number REV1721

No hay ítems disponibles.